Sobre o Conceito de Consciência de Classe (Registo nº 199246)

Detalhes MARC
000 -Etiqueta do registo
Valores 00724nam 22002173 4500
100 ## - Dados gerais de processamento
Dados gerais 20251125d u||y0pory50 ba
101 ## - Língua de publicação
Língua Português
200 ## - Titulo e menção de responsabilidade
Título próprio Sobre o Conceito de Consciência de Classe
Primeira menção de responsabilidade Georg Lukacs e Adam Schaff
Outras menções de responsabilidade Tradução e revisão de Patrícia Boanova e M. Amaral
205 ## - Menção da edição
Edição
210 ## - Publicação
Local de publicação Porto
Nome do editor Publicações Escorpião
Data de publicação 1978
215 ## - Descrição física 
Paginação / Volumes 81, [3] p.
Outras indicações físicas Brochado
Dimensões 18 cm
225 ## - Colecção 
Título próprio da colecção Cadernos O Homem e a Sociedade
Indicação de volume 2
606 ## - Nome comum usado como assunto
ID Autoridade 11629
Palavra de ordem Ciências Sociais
675 ## - CDU
Notação 304.4/LUK/SOB
Edição PT
Língua por
700 ## - Autor principal (pessoa individual)
ID Autoridade 15142
Apelido Lukacs
Nome Georg
701 ## - Co-autor principal (pessoa individual)
ID Autoridade 7120
Apelido Schaff
Nome Adam
Datas 1913-2006
801 ## - Fonte de origem
País PT
Agência BMMN
Regras de catalogação RPC
830 ## - Notas gerais do catalogador
Criado por Carlos Pinto
Data de criação 25-11-2025
Indexado por Carlos Pinto
990 ## - Elementos KOHA
Tipo de documento Livro
Exemplares
Situação do levantamento Biblioteca de origem Código de barras Cota Permissão de empréstimo Tipo de documento Forma de aquisição
  Escola Secundária de Montemor-o-Novo 28051 304.4/LUK/SOB   Livro Compra

Powered by Koha